Leader xxxxxxxxxx
001 __ PCLIS00042215
005 __ 20211026134844.0
010 0_ |a978-986-229-208-2|b第1冊 : 平裝|dNT$200
010 0_ |a978-986-229-226-6|b第2冊 : 平裝|dNT$200
010 0_ |a978-986-229-237-2|b第3冊 : 平裝|dNT$200
010 0_ |a978-986-229-254-9|b第4冊 : 平裝|dNT$200
010 0_ |a978-986-229-281-5|b第5冊 : 平裝|dNT$200
010 0_ |a978-986-229-282-2|b第6冊 : 平裝|dNT$200
010 0_ |a978-986-229-311-9|b第7冊 : 平裝|dNT$200
100 __ |a20100417d2010 m y0chiy09 e
101 0_ |achi
102 __ |atw
105 __ |ay z 000ay
200 1_ |a八夫臨門|f張廉著|g柳宮燐繪
205 __ |a初版
210 __ |a臺北市|c三采文化|d2010[民99]
215 0_ |a7冊|c部分彩圖|d21公分
225 2_ |a癮閱讀|dINread|v01-06,12
327 _1 |v1,|a1, 三夫四侍真要命|v2,|a2, 拜金花魁不好當|v3,|a3, 皇上請你別這樣|v4,|a4, 重生姻緣一線牽|v5,|a5, 洞房花燭誰先來|v6,|a6, 八夫散盡還復來|v7,|a7, 花落誰家天注定
410 _0 |12001 |a癮閱讀|v01-06,12
517 1_ |a三夫四侍真要命|zchi
517 1_ |a拜金花魁不好當|zchi
517 1_ |a皇上請你別這樣|zchi
517 1_ |a重生姻緣一線牽|zchi
517 1_ |a洞房花燭誰先來|zchi
517 1_ |a八夫散盡還復來|zchi
517 1_ |a花落誰家天注定|zchi
681 __ |a857.7|b876
681 __ |a857.7|b8760
700 _1 |a張|b廉|4著
702 _1 |a柳|b宮燐|4繪
801 _0 |atw|b內湖高中|c20100417|gCCR
|